000 00450nam a2200157 i 4500
001 bg
245 0 _aAntropologia społeczna Bronisława Malinowskiego :
_bpraca zbiorowa /
_cpod red. M. Filis i A.K. Palucha.
260 _aWarszawa,
_c1985.
700 1 _aFlis, Mariola.
_eRed.
700 1 _aPaluch, Andrzej K.
_eRed.
040 _cBPK
041 _apol
080 _a316:39.001(438)"19"
942 _cKS
008 s pl f |000 0 pol
999 _c22998
_d22998
856 _uhttp://koha.tu.koszalin.pl/cgi-bin/koha/opac-detail.pl?biblionumber=22998
_yKatalog online BPK